000 00683nam a2200229 a 4500
008
020 _a058207343X (pbk. )
049 _aMAIN
090 _aQD476 ISA
100 1 _aIsaacs, Neil S.
245 1 0 _aPhysical organic chemistry /
_cNeil S. Isaacs.
260 _aHarlow, Essex :
_bLongman Scientific & Technical,
_c1987.
300 _axviii, 828 p. :
_bill. ;
_c23 cm.
500 _aIncludes index.
504 _aIncludes bibliographical references.
650 0 _aChemistry, Physical organic.
907 _a.b10049381
_b05-06-07
_c17-04-03
003
005 20230123134450.0
040 _cNUST
942 _cBOOKS
_kQD476 ISA
999 _c166392
_d166392